Οικιακές Συσκευές / Βλάβες - Επισκευές: 6η Έκδοση (Record no. 2356)
[ view plain ]
| 000 -LEADER | |
|---|---|
| fixed length control field | 02308cam a22002174a 4500 |
| 005 - ΗΜΕΡΟΜΗΝΙΑ ΚΑΙ ΩΡΑ ΤΕΛΕΥΤΑΙΑΣ ΕΝΗΜΕΡΩΣΗΣ | |
| Πεδίο ελέγχου | 20250605164038.0 |
| 008 - FIXED-LENGTH DATA ELEMENTS--GENERAL INFORMATION | |
| Πεδίο ελέγχου σταθερού μήκους | 250528s ||||||||||||||||||||||||d |
| 035 ## - SYSTEM CONTROL NUMBER | |
| System control number | 16906 |
| 020 ## - ISBN | |
| ISBN | 960405337 |
| 040 ## - ΠΗΓΗ ΚΑΤΑΛΟΓΟΓΡΑΦΗΣΗΣ | |
| Φορέας πρωτότυπης καταλογογράφησης | MC Athens Campus Library |
| Γλώσσα καταλογογράφησης | Ελληνικά, Μοντέρνα (1453-) |
| Modifying agency | MC Athens Campus Library |
| Κανόνες περιγραφικής καταλογογράφησης | AACR2 |
| 245 1# - ΤΙΤΛΟΣ ΚΑΙ ΔΗΛΩΣΗ ΥΠΕΥΘΥΝΟΤΗΤΑΣ | |
| Τίτλος | Οικιακές Συσκευές / Βλάβες - Επισκευές: 6η Έκδοση |
| 250 ## - EDITION STATEMENT | |
| Edition statement | 6η |
| 260 ## - PUBLICATION, DISTRIBUTION, ETC. | |
| Name of publisher, distributor, etc. | Ίων, |
| Date of publication, distribution, etc. | 1991 |
| 300 ## - PHYSICAL DESCRIPTION | |
| Extent | 240 |
| 520 ## - SUMMARY, ETC. | |
| Summary, etc. | Πόσο Επικίνδυνο Είναι το Ηλεκτρικό Ρεύμα, Εισαγωγή στη Φωτοτεχνία, Λαμπτήρες Πυρακτώσεως, Λαμπτήρες Φθορισμού, Λαμπτήρες Ειδικής Χρήσεως, Μελέτη Φωτισμού Εσωτερικών Χώρων, Βασικές Αρχές Επισκευών Εγκαταστάσεων Φωτισμού και Συσκευών, Πλυντήρια Πιάτων, Αλεστική Μηχανή Απορριμάτων (Σκουπιδοφάγος), Στεγνωτήρια Ρούχων, Κουζίνες και Φούρνοι, Ψυγεία και Καταψύκτες, Πλυντήρια Ρούχων, Θερμοσίφωνες, Μύλοι (Blenders), Ανοιχτήρια Κονσερβών, Στεγνωτές Μαλλιών (Πιστολάκια), Αναμικτήρας (Mixers), Ηλεκτρικές Ξυριστικές Μηχανές, Ηλεκτρική Τοστιέρα, Ηλεκτρικές Σκούπες Κενού, Ψηστιέρες και Βραστήρες, Εισαγωγή στη Θέρμανση και στον Κλιματισμό, Λέβητες και Καυστήρες Καύσιμού Αερίου, Λέβητες και Καυστήρες Υγρού Καυσίμου, Κλιματισμός με Εξαναγκασμένη Διανομή Αέρα, Κεντρική Θέρμανση με Ατμό, Κεντρική Θέρμανση με Ζεστό Νερό, Συσκευές Κλιματισμού Ψυχρού Αέρα, Αντλίες Θερμότητας, Φωταέριο, Φυσικό Αέριο, Βουτάνιο (Υγροποιημένο Αέριο), Προπάνιο (Υγροποιημένο Αέριο). |
| 700 1# - ΠΡΟΣΘΕΤΗ ΑΝΑΓΡΑΦΗ--ΦΥΣΙΚΟ ΠΡΟΣΩΠΟ | |
| Personal name | Κεφαλάς Χ |
| 9 (RLIN) | 2998 |
| 700 1# - ΠΡΟΣΘΕΤΗ ΑΝΑΓΡΑΦΗ--ΦΥΣΙΚΟ ΠΡΟΣΩΠΟ | |
| Personal name | Μαστρομήνας Ν |
| 9 (RLIN) | 2999 |
| 942 ## - ADDED ENTRY ELEMENTS (KOHA) | |
| Koha item type | Books |
| Τύπος τεκμηρίου | Βιβλιοθήκη | Τρέχουσα τοποθεσία | Barcode | Αριθμός εισαγωγής | Ημερομηνία απόκτησης | Ταξιθετικό σύμβολο | Αριθμός αντιτύπου | Κατάσταση απόσυρσης | Κατάσταση χαμένου | Κατάσταση κατεστραμμένου | Μη δανεισμός | Σύνολο δανεισμών | Ημερομηνία τελευταίας εμφάνισης | Η τιμή ισχύει από |
|---|---|---|---|---|---|---|---|---|---|---|---|---|---|---|
| Books | MC Athens Campus Library | MC Athens Campus Library | 9780000023551 | 5562 | 05/06/2025 | 643.6 KEF | 1 | 05/06/2025 | 05/06/2025 |